000 01077cam a2200193 4500
001 X126056
008 040428n2004 000 0 eng u
035 _a(Sirsi) u126056
100 _aBingham, T.
245 _aLeave the act alone
260 _c2004
490 _aBuilding
_v269(8327) 8 April 2004 50-51(2)
520 _aDiscusses the creation of CIPER the construction industry's new government forum, which may lead to a change in the Housing Grants, Construction and Regeneration Act 1996. Argues that the Act is a very effective dispute management tool which helps contractors manage disputes effectively instead of taking them to the HC. Recommends a useful approach could be one that is being taken by the Society of Construction Law which has suggested an open forum where discussion of the Act can take place by users who are affected by the outcome of adjudication.
650 _aHOUSING GRANTS, CONSTRUCTION AND REGENERATION ACT 1996
650 _aADJUDICATION PROCEDURE
650 _aPAYMENT PROVISIONS
690 _aDispute resolution
_96236
942 _n0
999 _c74383
_d74383